| 000 | 00638nam a2200133Ia 4500 | ||
|---|---|---|---|
| 008 | 160809s9999 xx 000 0 und d | ||
| 100 | _aBuli-Holmberg, Jorun. | ||
| 245 | _aINCLUSIVE AND INDIVIDUALLY ADAPTED EDUCATION IN NORWAY RESULTS FROM A SURVEY STUDY IN TWO MUNICIPALITIES FOCUSING THE ROLES OF HEADTEACHERS, TEACHERS AND CURRICULUM PLANNING | ||
| 245 | _cJorun Buli-Holmberg Sven Nilsen Kjell Skogen University of Oslo. | ||
| 260 | _bInternational Journal of Special Education | ||
| 260 | _c2014 | ||
| 650 | _xSPECIAL EDUCATION | ||
| 856 | _uhttp://www.internationaljournalofspecialed.com/issues/IJSE%20ENTIRE%20ISSUE%2029%201.pdf | ||
| 999 |
_c300313 _d300313 |
||